Biblioteca

La enseñanza superior profesional corta (Registro nro. 66361)

Detalles MARC
000 -LÍDER
Campo fijo de descripción fija 02189nam a2200385 i 4500
001 - NÚMERO DE CONTROL
Campo de control 768714001
003 - IDENTIFICADOR DEL NÚMERO DE CONTROL
Campo de control CO-MdFUSB
005 - FECHA Y HORA DE LA ULTIMA TRANSACCIÓN
control field 20210927104444.0
007 - CAMPO FIJO DE DESCRIPCIÓN FIJA--INFORMACIÓN GENERAL
Campo fijo de descripción fija ta
008 - ELEMENTOS DE LONGITUD FIJA -- INFORMACIÓN GENERAL
Campo fijo de descripción fija -- Información general 200630t2007 fr ade|| |||| 00| 0 spa d
020 ## - NÚMERO INTERNACIONAL NORMALIZADO PARA LIBROS
Número Internacional Normalizado del libro 9782011709813
040 ## - FUENTE DE CATALOGACIÓN
Agencia de catalogación original CO-MdFUSB
Idioma de catalogación spa
Agencia que realiza la transcripción CO-MdFUSB
Agencia que realiza la modificación CO-MdFUSBC
Convenciones de la descripción rda
041 ## - CÓDIGO DE IDIOMA
Código de idioma para texto/pista de sonido o título separado spa
082 ## - NÚMERO DE CLASIFICACIÓN DECIMAL DEWEY
Número de la edición del Dewey 23
Número de clasificación 370.115
Clave de autor-Numero de item M476
100 ## - ASIENTO PRINCIPAL--NOMBRE PERSONAL
Nombre personal Mazeran, Jacques
Término relacionador autor
245 13 - TÍTULO
Título del Material La enseñanza superior profesional corta
Parte restante del título - Subtitulo : un desafió educativo mundial
Mención de responsabilidad, etc. / Jacques Mazeran ... [y otros siete autores] ; traducido por Ubiqus
264 #1 - PRODUCCIÓN, PUBLICACIÓN, DISTRIBUCIÓN, MANUFACTURA, Y COPYRIGHT
Lugar de producción, publicación, distribución, manufactura Paris, Francia :
Nombre del productor, publicador, distribuidor Hachette,
Fecha de producción, publicación, distribución, manufactura, o copyright [2007]
264 #4 - PRODUCCIÓN, PUBLICACIÓN, DISTRIBUCIÓN, MANUFACTURA, Y COPYRIGHT
Fecha de producción, publicación, distribución, manufactura, o copyright ©2007
300 ## - DESCRIPCIÓN FÍSICA
Dimensiones 191 páginas ;
Extensión 23 cm
336 ## - TIPO DE CONTENIDO
Fuente rdacontent
Término de tipo de contenido texto
Código de tipo de contenido txt
337 ## - TIPO DE MEDIO
Fuente rdamedia
Nombre del tipo de medio sin mediación
Código del tipo de medio n
338 ## - TIPO DE SOPORTE
Fuente rdacarrier
Nombre del tipo de soporte volumen
Código Tipo de soporte nc
520 ## - NOTA DE RESUMEN, ETC.
Nota de sumario, etc. La enseñanza superior profesional corta nace, cuarenta años atrás, de las nuevas exigencias impuestas al entorno industrial por el progreso tecnológico. Acompañó al crecimiento económico de los países emergentes. En la actualidad, se enfrenta con muchos desafíos en todas la regiones del mundo. Factor de adecuación al empleo, instrumento de promoción profesional al tiempo que cultural y motor del desarrollo económico, se sitúa en el núcleo de la evolución de nuestros modelos sociales. Articulando organización pública y organización privada, promueve, a todos los niveles, un discurso que es reflejo de nuestras distintas sociedades. El objetivo de esta obra es reafirmar alguno principios, proponer hipótesis de trabajo y abrir perspectivas concretas a más largo plazo. Propone una mirada actualizada, global y objetiva, pero no desprovista de la reivindicación de convicciones, sobre este modelo de enseñanza.
563 ## - NOTA DE ENCUADERNACIÓN
Nota de encuadernación Rústico
650 #0 - ASIENTO SECUNDARIO DE MATERIA - TERMINO TEMÁTICO
9 (RLIN) 984
Término temático o nombre geográfico como elemento de entrada Educación
700 ## - ASIENTO SECUNDARIO - NOMBRE PERSONAL
9 (RLIN) 4491
Nombre personal Experton, William
Responsabilidad autor
700 ## - ASIENTO SECUNDARIO - NOMBRE PERSONAL
9 (RLIN) 4492
Nombre personal Forestier, Christian
Fechas asociadas con el nombre 1944 -
Responsabilidad autor
700 ## - ASIENTO SECUNDARIO - NOMBRE PERSONAL
9 (RLIN) 4493
Nombre personal Gauron, André
Fechas asociadas con el nombre 1944
Responsabilidad autor
700 ## - ASIENTO SECUNDARIO - NOMBRE PERSONAL
9 (RLIN) 4494
Nombre personal Goursaud, Serge
Responsabilidad autor
700 ## - ASIENTO SECUNDARIO - NOMBRE PERSONAL
9 (RLIN) 4495
Nombre personal Prévos, Albert,
Fechas asociadas con el nombre 1946-
Responsabilidad autor
700 ## - ASIENTO SECUNDARIO - NOMBRE PERSONAL
9 (RLIN) 4496
Nombre personal Salmi, Jamil,
Fechas asociadas con el nombre 1952-
Responsabilidad autor
700 ## - ASIENTO SECUNDARIO - NOMBRE PERSONAL
9 (RLIN) 4497
Nombre personal Steier, Francis Alain
Responsabilidad autor
942 ## - TIPO DE MATERIAL (KOHA)
Tipo de Item KOHA Libros General
945 ## - INFORMACIÓN LOCAL DEL REGISTRO
Catalogador Dani
Existencias
Estado de Material Estado de Perdido Forma de Clasificación Estado de Dañado No para Préstamo Colección Biblioteca de Origen Biblioteca Permanente Fecha de Adquisición Área Total de Préstamos Signatura Topográfica Código de Barras Última vez visto Ejemplar/Existencia Fecha de Remplazo Tipo de Material
    Dewey Decimal Classification     Colección General Biblioteca FUSBC Biblioteca FUSBC 30/06/2020 EDUCACIÓN   G 370.115 M476e 9003 30/06/2020 Ej.1 30/06/2020 Libros General

Biblioteca FUSBC | Teléfono: (57+4) 349 88 10 Ext. 141| WhatsApp (+57) 3005338115 
E-mail: biblioteca@unisbc.edu.co | Calle 76 87-14 Robledo Palenque, Medellín, Colombia

Con tecnología Koha